Представление документа в формате RUSMARC

ПолеНазваниеЗначение
  Тип записи a
  Библиографический уровень c
001 Контрольный номер 6c8cc9cae8ae449aa337fcbf719456bf
005 Дата корректировки 20260430101917.2
010 Индекс ISBN __
a ISBN 978-5-389-24884-7
b Уточнения в пер.
9 Тираж 8000 экз.
d Цена 150-00
100 Данные общей обработки __
a Данные общей обработки 20260420d2025 d y0rusy028902 ca
101 Язык документа 0_
a Язык текста rus
102 Страна публикации __
a Страна публикации RU
105 Кодированные данные (монография) __
a Кодированные данные (монография) a z 000ay
181 Поле кодированных данных: вид содержания _0
a Код вида содержания (ISBD) i
182 Поле кодированных данных: тип средства _0
a Код типа средства (ISBD) n
200 Заглавие и сведения об ответственности 1_
a Заглавие Уроки французского
e Сведения, относящиеся к заглавию рассказы : [для среднего школьного возраста]
f Первые сведения об ответственности Валентин Распутин
g Последующие сведения об ответственности художники: И. Максимова, Е. Петрова
203 Вид содержания и тип средства __
a Вид содержания Текст
c Тип средства непосредственный
210 Выходные данные 1_
a Место издания Москва
c Издательство Махаон
c Издательство Азбука-Аттикус
d Дата издания 2025
215 Физическое описание __
a Объем 125, [2] c.
c Иллюстрации/тип воспроизводства цв. ил.
d Формат 21 см
225 Серия 2_
a Серия Классная литература
330 Аннотация __
a Аннотация Рассказы известного российского писателя Валентина Григорьевича Распутина (1937-2015), включённые в этот сборник, наполнены яркими воспоминаниями детства. Герои этих рассказов - обыкновенные мальчишки, оказавшиеся в разных, порой очень непростых жизненных ситуациях. Какой путь они выберут? Вместе с ними юные читатели будут взрослеть и учиться преодолевать трудности, раскрывая свои лучшие качества.
333 Примечание о целевом назначении __
a Примечание о целевом назначении 0+
464 Аналитический уровень _0
1 2001
a Век живи - век учись
606 Тематические рубрики __
a Основная рубрика Художественная литература
2 Код системы nlr_sh
606 Тематические рубрики __
a Основная рубрика Русская литература XX в. (произведения)
2 Код системы nlr_sh
610 Ключевые слова 0_
a Ключевые слова детская литература
610 Ключевые слова 0_
a Ключевые слова рассказы
610 Ключевые слова 0_
a Ключевые слова тема взаимоотношений
610 Ключевые слова 0_
a Ключевые слова тема военного детства
610 Ключевые слова 0_
a Ключевые слова тема детей
610 Ключевые слова 0_
a Ключевые слова тема одиночества
610 Ключевые слова 0_
a Ключевые слова тема послевоенного времени
610 Ключевые слова 0_
a Ключевые слова тема трудностей
610 Ключевые слова 0_
a Ключевые слова тема учеников
610 Ключевые слова 0_
a Ключевые слова тема учителей
610 Ключевые слова 0_
a Ключевые слова экранизации
610 Ключевые слова 0_
a Ключевые слова экранизированные книги
686 Индексы других классификаций __
2 Код системы rubbks
a Классификационный индекс ст84(2=411.2)6-4
700 Автор _1
a Фамилия Распутин
b Имя В. Г.
f Даты 1937-2015
g Полное личное имя Валентин Григорьевич
4 Код отношения 070
702 Вторичная интеллектуальная ответственность _1
a Фамилия Максимова
b Имя И. В.
g Полное личное имя Ирина В.
4 Код отношения 440
702 Вторичная интеллектуальная ответственность _1
a Фамилия Петрова
b Имя Е. Д.
g Полное личное имя Екатерина Д.
4 Код отношения 440
801 Источник записи _0
a Страна RU
b Организация Муниципальное бюджетное учреждение культуры "Централизованная библиотечная система" г. Сургут (Центральная городская библиотека им. А. С. Пушкина)
c Дата составления 20260420
g Правила каталогизации PSBO
801 Источник записи _1
a Страна RU
b Организация Муниципальное бюджетное учреждение культуры "Централизованная библиотечная система" г. Сургут (Центральная городская библиотека им. А. С. Пушкина)
c Дата составления 20260420
g Правила каталогизации PSBO
852 Данные о местонахождении __
j Шифр хранения ст84(2=411.2)6-4
i Авторский знак Р 24
900 Макрообъекты __
a Макрообъекты Уроки французского. Распутин, В., 2025
901 Тип документа __
t Тип документа x
a Ответственный ООФиК/Волкова
901 Тип документа __
a Ответственный 5 партия
903 Характеристики (МАРС) __
a Дата передачи 20260420
c Наименование библиотеки (МАРС) Муниципальное бюджетное учреждение культуры "Централизованная библиотечная система" г. Сургут (Центральная городская библиотека им. А. С. Пушкина)
969 Тип издания __
a Тип издания издание для детей
990 Данные о заказе (DOS) __
j Количество экземпляров (DOS) 1
t N записи в КСУ для И/У (DOS) 202605